|
|
|
|
| LEADER |
00000nab a2200000 a 4500 |
| 001 |
vtls000888003 |
| 003 |
SK-MaSNL |
| 005 |
20260304035740.0 |
| 008 |
160405c2004 xo 0 slo |
| 015 |
|
|
|a SNBRB2004/10-29864
|
| 035 |
|
|
|a CLN000239438
|
| 040 |
|
|
|a SNKBUCL
|b slo
|c SNKBUCL
|e AACR2
|
| 041 |
0 |
|
|a slo
|
| 044 |
|
|
|a xo
|c SK
|
| 080 |
|
|
|a 637.12.06:615.33
|2 1997
|
| 080 |
|
|
|a 636.2.09:615.33
|2 1997
|
| 080 |
|
|
|a 613.287
|2 1997
|
| 100 |
1 |
|
|a Hajurka, Jaroslav,
|d 1947-
|4 aut
|9 206393
|
| 245 |
1 |
0 |
|a Podávané antibiotiká prechádzajú do mlieka
|c Jaroslav Hajurka
|
| 300 |
|
|
|b Grafy
|
| 650 |
0 |
7 |
|a mliečny dobytok
|2 snkbucl
|9 67365
|
| 650 |
0 |
7 |
|a mlieko
|2 snkbucl
|9 3942
|
| 650 |
0 |
7 |
|a antibiotiká
|2 snkbucl
|9 2424
|
| 655 |
|
7 |
|a články z novín a časopisov
|2 snkbucl
|9 267496
|
| 773 |
0 |
|
|x 1335-440X
|t Sme. Roľnícke noviny
|g Č. 227 (1.10.2004)
|
| 773 |
0 |
|
|x 1335-440X
|t [Príl.] Roľnícke noviny
|g Č. 40 (1.10.2004), s. 10
|
| 850 |
|
|
|a Slovenská národná knižnica v Martine
|
| 852 |
|
|
|a SNK
|b KIS3GCP
|
| 958 |
|
|
|a MI
|
| 958 |
|
|
|a RBX
|
| 999 |
|
|
|c 2659593
|d 2661523
|